CONTACT LENS PRACTICE (Record no. 8470)

MARC details
000 -LEADER
fixed length control field 00334nam a22001577a 4500
003 - CONTROL NUMBER IDENTIFIER
control field SGT
020 ## - INTERNATIONAL STANDARD BOOK NUMBER
International Standard Book Number 978-0-7506-8869-7
082 ## - DEWEY DECIMAL CLASSIFICATION NUMBER
Classification number 617.7, C14E
100 ## - MAIN ENTRY--PERSONAL NAME
Personal name EFRON, NATHAN
245 ## - TITLE STATEMENT
Title CONTACT LENS PRACTICE
250 ## - EDITION STATEMENT
Edition statement 2ND
260 ## - PUBLICATION, DISTRIBUTION, ETC. (IMPRINT)
Place of publication, distribution, etc LONDON
Name of publisher, distributor, etc ELSEVIER
Year of Publication 2014
300 ## - PAGE DESCRIPTION
No. of Pages 474
650 ## - SUBJECT ADDED ENTRY--TOPICAL TERM
Topical term or geographic name as entry element OPHTHALMOLOGY
942 ## - ADDED ENTRY ELEMENTS (KOHA)
Source of classification or shelving scheme Dewey Decimal Classification
Koha item type Books
Holdings
Withdrawn status Lost status Source of classification or shelving scheme Damaged status Not for loan Collection code Home library Current library Shelving location Date acquired Vendor Name Cost, normal purchase price SGTU Bill Number Total Checkouts Full call number Accession No. (Barcode) Date last seen Bill Date Koha item type
    Dewey Decimal Classification     MEDICAL SGT Medical Library SGT Medical Library Reference Book 16/03/2016 AHUJA BOOK COMPANY 8320.40 SGTU 5978   617.7, C14E FM7508 16/03/2016 14/08/2015 Books